00326pab a2200133 454500008004000000100001600040245003900056260000900095300001600104362001000120650001800130650001000148773003400158180718b2005 xxu||||| |||| 00| 0 eng d aJoshi, P.N. aNeeded - a national banking policy c2005 ap.2996-998. a9 Jul aBanks - India aBanks aEconomic and Political Weekly